Frankfurter and due process /

Bibliographic Details
Main Author: Stevens, Richard G., 1925-
Format: Book
Language:English
Published: Lanham, MD : University Press of America, [1987]
Subjects:

MARC

Tag First Indicator Second Indicator Subfields
LEADER 00000cam a2200000 a 4500
001 in00000010575
005 20151007051412.0
008 870416s1987 mdu b 00110 eng
010 |a  87010881  
020 |a 0819156159 (alk. paper) :  |c $28.00 
020 |a 0819156167 (pbk. : alk. paper) :  |c $16.50 
035 |a (OCoLC)15656364 
035 |9 AAA2793AM 
040 |a DLC  |c DLC  |d TXA  |d UtOrBLW 
043 |a n-us--- 
049 |a TXAM  |c [A12629964] 
050 0 0 |a KF4765  |b .S74 1987 
082 0 |a 347.73  |a 347.307  |2 19 
100 1 |a Stevens, Richard G.,  |d 1925- 
245 1 0 |a Frankfurter and due process /  |c Richard G. Stevens. 
264 1 |a Lanham, MD :  |b University Press of America,  |c [1987] 
264 4 |c ©1987 
300 |a xlii, 269 pages ;  |c 23 cm. 
336 |a text  |b txt  |2 rdacontent 
337 |a unmediated  |b n  |2 rdamedia 
338 |a volume  |b nc  |2 rdacarrier 
536 |a Dr. Paul P. Van Riper Collection, Department of Political Science. 
500 |a Originally presented as the author's thesis under the title: Reason and history in judicial process. 
504 |a Bibliography: pages 247-262. 
500 |a Includes index. 
650 0 |a Due process of law  |z United States. 
600 1 0 |a Frankfurter, Felix,  |d 1882-1965. 
999 |a MARS 
999 f f |s f9c15a34-712a-379a-a56a-1958bd5cd4a8  |i 0282eed8-da1c-3f6c-a478-8a7bc49ad99e  |t 0 
952 f f |p ric  |a Texas A&M University  |b Rellis Campus  |c Joint Library Facility  |d Remote Storage  |t 0  |e KF4765 .S74 1987  |h Library of Congress classification  |i unmediated -- volume  |m A14812629964 
998 f f |a KF4765 .S74 1987  |t 0  |l Remote Storage